[Event "Magistral del Bicentenario"]
[Site "Villa Martelli, ARG"]
[Date "2010.08.04"]
[Round "1"]
[White "Milos, Gilberto"]
[Black "Felgaer, Ruben"]
[Result "1/2-1/2"]
[WhiteElo "2606"]
[BlackElo "2584"]

1. e4 d6 2. d4 Nf6 3. f3 c5 4. d5 e6 5. c4 b5 6. cxb5 exd5 7. exd5 Be7 8. Ne2
Nbd7 9. Nec3 Nb6 10. Na3 Bb7 11. Bc4 O-O 12. O-O Ne8 13. Bf4 Nc7 14. Qb3 Bf6
15. Rad1 Bxc3 16. bxc3 Qf6 17. Bg3 Rfe8 18. Nc2 h5 19. Rfe1 h4 20. Bf2 h3
21. Bg3 hxg2 22. Kxg2 Rxe1 23. Nxe1 Re8 24. Kf2 Re4 25. Bf1 Bxd5 26. Qc2 Ra4
27. c4 Rb4 28. Qc1 Nxc4 29. a3 Rb2+ 30. Kg1 Nxa3 31. Qe3 Naxb5 32. Nd3 Ra2 33.
Qf4 1/2-1/2